Kenilworth / Walter Scott ; Ze [stejnojm.] angl. orig. přel. Vladimír Henzl
Romantické vyprávění z osmnáctého roku panování anglické královny Alžběty (1558-1603) se zabývá historií nešťastného manželství jednoho z předních šlechticů té doby, oblíbence královnina, hraběte Leicestera.
V příběhu je barvitě vylíčena doba velkého rozmachu Anglie, život šlechticů té doby i život prostých lidí přicházejících s nimi do styku. Spolu s hrdiny knihy putuje čtenář Anglií a prožívá různá dobrodružství na zámcích i u královského dvora.
Available copies
- 1 of 1 copy available at Common Catalog SPOK.
Holds
- 0 current holds with 1 total copy.
Other Formats and Editions
Show Only Available Copies
| Location | Call Number / Copy Notes | Barcode | Shelving Location | Status | Due Date |
|---|---|---|---|---|---|
| Jabok Library | BL-1/S | 424480015481 | Beletrie | Available | - |
| LDR | 01727nam a22003971a 4500 | ||
|---|---|---|---|
| 001 | 16589 | ||
| 003 | CZ-PrJAB | ||
| 005 | 20200322101251.0 | ||
| 008 | 971022s1965 xr cze | ||
| 015 | . | ‡acnb000155991 | |
| 035 | . | ‡a(CONS)16589 | |
| 035 | . | ‡a(CZ PrSKC)bk196503464 | |
| 035 | . | ‡a(OCoLC)42131938 | |
| 040 | . | ‡aABA001 ‡bcze ‡cCBA001 ‡dABA001 | |
| 041 | 1 | . | ‡acze ‡heng |
| 080 | . | ‡a820-311.3-311.6 | |
| 100 | 1 | . | ‡aScott, Walter, ‡cSir, ‡d1771-1832 ‡7jn19990007395 ‡4aut |
| 245 | 1 | 0. | ‡aKenilworth / ‡cWalter Scott ; Ze [stejnojm.] angl. orig. přel. Vladimír Henzl |
| 250 | . | ‡a1. vyd. | |
| 260 | . | ‡aPraha : ‡bPráce, ‡c1965 ‡f(Mír 1) | |
| 300 | . | ‡a268, [2] s. ; ‡c8° | |
| 490 | 1 | . | ‡aPříliv ; ‡vSv. 17 |
| 500 | . | ‡aFrontispice | |
| 500 | . | ‡aObálka: Vladimír Hájek | |
| 500 | . | ‡a50000 výt. | |
| 520 | 9 | . | ‡aRomantické vyprávění z osmnáctého roku panování anglické královny Alžběty (1558-1603) se zabývá historií nešťastného manželství jednoho z předních šlechticů té doby, oblíbence královnina, hraběte Leicestera. |
| 520 | 9 | . | ‡aV příběhu je barvitě vylíčena doba velkého rozmachu Anglie, život šlechticů té doby i život prostých lidí přicházejících s nimi do styku. Spolu s hrdiny knihy putuje čtenář Anglií a prožívá různá dobrodružství na zámcích i u královského dvora. |
| 830 | 0. | ‡aPříliv ‡0s | |
| 910 | . | ‡aABG312 | |
| 901 | . | ‡a16589 ‡bCZ-PrJAB ‡c16589 ‡tbiblio | |